Romanzi e racconti : 1962-1975 /

Sparad:
Bibliografiska uppgifter
Huvudupphov: Pasolini, Pier Paolo
Övriga upphov: Naldini, Nico, Siti, Walter, De Laude, Silvia
Materialtyp: Bok
Språk:engelska
Utgiven: Milano Mondadori 2008
Upplaga:VI ed.
Serie:I Meridiani
Taggar: Lägg till en tagg
Inga taggar, Lägg till första taggen!

MARC

LEADER 00000nam a2200000 4500
001 CDOM0000003950
003 mi
005 20251018143811.0
008 251018b |||||||| |||| 00| 0 eng d
020 |a 9788804452928 
040 |c mi 
100 |a Pasolini, Pier Paolo 
245 1 |a Romanzi e racconti :  |b 1962-1975 /  |c Pier Paolo Pasolini ; a cura di Walter Siti e Silvia De Laude 
250 |a VI ed. 
260 |a Milano  |b Mondadori  |c 2008 
300 |a XI, 2048 p.  |c 17,5 cm. 
500 |a In custodia 
700 |a Naldini, Nico 
700 |a Siti, Walter 
700 |a De Laude, Silvia 
830 |a I Meridiani 
942 |2 ddc  |c BK 
952 |0 0  |1 0  |2 ddc  |4 0  |6 B_LNR05PASPI2ROM11  |7 1  |9 7111  |a MI  |b MI  |d 2009-09-25  |i 5696  |l 0  |o B-LNR05-PASPI-2ROM11  |p CDOM5696  |r 2025-07-13 16:28:00  |w 2025-07-13  |x ACQUISTO  |y BK 
999 |c 5812  |d 5812